[Event "DVM U16 2021"]
[Site "Kiel GER"]
[Date "2022.07.23"]
[Round "1"]
[White "Duduka, Artem"]
[Black "Huang, Luca Hanson"]
[Result "1-0"]
[Termination "normal"]
[Board "6.3"]
[WhiteElo "1566"]
[BlackElo "1488"]
[WhiteClock "00:47:45"]
[BlackClock "00:21:09"]
[WhiteTeam "Schachfreunde Nordost Berlin"]
[BlackTeam "SK Frankenthal"]
[PlyCount "83"]
[WhiteFideId "14194805"]
[BlackFideId "16279182"]
[EventCountry "GER"]
[EventRounds "7"]
[EventType "team-swiss"]
[EventDate "2022.07.22"]

1. e4 {[%clk 01:30:53]} {[%emt 00:00:07]} c5 {[%clk 01:30:48]} {[%emt
00:00:14]} 2. Nf3 {[%clk 01:30:54]} {[%emt 00:00:27]} e6 {[%clk 01:30:52]}
{[%emt 00:00:27]} 3. c3 {[%clk 01:30:59]} {[%emt 00:00:26]} Nf6 {[%clk
01:31:06]} {[%emt 00:00:15]} 4. Bd3 {[%clk 01:31:07]} {[%emt 00:00:22]} d5
{[%clk 01:31:10]} {[%emt 00:00:26]} 5. exd5 {[%clk 01:30:51]} {[%emt 00:00:46]}
exd5 {[%clk 01:30:56]} {[%emt 00:00:44]} 6. O-O {[%clk 01:30:30]} {[%emt
00:00:51]} Nc6 {[%clk 01:30:03]} {[%emt 00:01:23]} 7. Bc2 {[%clk 01:29:52]}
{[%emt 00:01:08]} d4 {[%clk 01:28:47]} {[%emt 00:01:46]} 8. d3 {[%clk
01:29:15]} {[%emt 00:01:07]} Be7 {[%clk 01:28:01]} {[%emt 00:01:16]} 9. h3
{[%clk 01:27:52]} {[%emt 00:01:52]} Qc7 {[%clk 01:27:04]} {[%emt 00:01:28]} 10.
Re1 {[%clk 01:25:57]} {[%emt 00:02:25]} O-O {[%clk 01:26:31]} {[%emt 00:01:02]}
11. Bg5 {[%clk 01:24:19]} {[%emt 00:02:09]} Re8 {[%clk 01:21:23]} {[%emt
00:05:38]} 12. Bxf6 {[%clk 01:23:52]} {[%emt 00:00:57]} gxf6 {[%clk 01:20:26]}
{[%emt 00:01:27]} 13. Nbd2 {[%clk 01:22:48]} {[%emt 00:01:34]} Be6 {[%clk
01:19:29]} {[%emt 00:01:27]} 14. Bb3 {[%clk 01:22:06]} {[%emt 00:01:12]} Bxb3
{[%clk 01:17:40]} {[%emt 00:02:19]} 15. Nxb3 {[%clk 01:21:40]} {[%emt
00:00:56]} Rad8 {[%clk 01:14:28]} {[%emt 00:03:41]} 16. cxd4 {[%clk 01:21:26]}
{[%emt 00:00:45]} cxd4 {[%clk 01:13:22]} {[%emt 00:01:35]} 17. Nfxd4 {[%clk
01:18:17]} {[%emt 00:03:40]} Nxd4 {[%clk 01:12:49]} {[%emt 00:01:03]} 18. Qg4+
{[%clk 01:18:38]} {[%emt 00:00:07]} Kh8 {[%clk 01:13:03]} {[%emt 00:00:18]} 19.
Nxd4 {[%clk 01:18:55]} {[%emt 00:00:13]} Rg8 {[%clk 01:02:30]} {[%emt
00:11:03]} 20. Qe4 {[%clk 01:18:33]} {[%emt 00:00:50]} Bb4 {[%clk 00:57:48]}
{[%emt 00:05:13]} 21. Rec1 {[%clk 01:08:11]} {[%emt 00:10:52]} Qd7 {[%clk
00:52:44]} {[%emt 00:05:35]} 22. Rc4 {[%clk 01:06:20]} {[%emt 00:02:21]} Qxh3
{[%clk 00:50:01]} {[%emt 00:03:12]} 23. Rxb4 {[%clk 01:03:56]} {[%emt
00:02:55]} Rg4 {[%clk 00:49:57]} {[%emt 00:00:33]} 24. Qxg4 {[%clk 00:58:26]}
{[%emt 00:06:00]} Qxg4 {[%clk 00:46:20]} {[%emt 00:04:07]} 25. Nc6 {[%clk
00:58:40]} {[%emt 00:00:16]} Qd7 {[%clk 00:45:33]} {[%emt 00:01:17]} 26. Nxd8
{[%clk 00:57:59]} {[%emt 00:01:11]} Qxd8 {[%clk 00:45:52]} {[%emt 00:00:12]}
27. Rxb7 {[%clk 00:57:24]} {[%emt 00:01:05]} Kg7 {[%clk 00:46:14]} {[%emt
00:00:08]} 28. Rxa7 {[%clk 00:57:10]} {[%emt 00:00:44]} Qxd3 {[%clk 00:46:11]}
{[%emt 00:00:33]} 29. Ra3 {[%clk 00:56:44]} {[%emt 00:00:56]} Qc2 {[%clk
00:46:05]} {[%emt 00:00:36]} 30. Rb3 {[%clk 00:56:28]} {[%emt 00:00:45]} h6
{[%clk 00:41:59]} {[%emt 00:04:36]} 31. Re1 {[%clk 00:55:42]} {[%emt 00:01:15]}
Qd2 {[%clk 00:39:18]} {[%emt 00:03:12]} 32. Ree3 {[%clk 00:55:02]} {[%emt
00:01:10]} Qd1+ {[%clk 00:39:26]} {[%emt 00:00:23]} 33. Kh2 {[%clk 00:55:13]}
{[%emt 00:00:17]} Qh5+ {[%clk 00:39:09]} {[%emt 00:00:48]} 34. Rh3 {[%clk
00:55:31]} {[%emt 00:00:12]} Qe2 {[%clk 00:39:04]} {[%emt 00:00:34]} 35. Rhf3
{[%clk 00:55:44]} {[%emt 00:00:18]} h5 {[%clk 00:36:07]} {[%emt 00:03:28]} 36.
a4 {[%clk 00:54:47]} {[%emt 00:01:27]} h4 {[%clk 00:35:06]} {[%emt 00:01:31]}
37. Rb5 {[%clk 00:48:08]} {[%emt 00:07:06]} Qe4 {[%clk 00:31:19]} {[%emt
00:04:20]} 38. b3 {[%clk 00:47:49]} {[%emt 00:00:49]} Kg6 {[%clk 00:24:40]}
{[%emt 00:07:07]} 39. Rbf5 {[%clk 00:47:44]} {[%emt 00:00:34]} h3 {[%clk
00:22:29]} {[%emt 00:02:43]} 40. gxh3 {[%clk 00:47:08]} {[%emt 00:01:06]} Qe2
{[%clk 00:20:50]} {[%emt 00:02:07]} 41. Rxf6+ {[%clk 00:47:21]} {[%emt
00:00:19]} Kg7 {[%clk 00:21:09]} {[%emt 00:00:12]} 42. Rxf7+ {[%clk 00:47:45]}
{[%emt 00:00:05]} 1-0

[Event "DVM U16 2021"]
[Site "Kiel GER"]
[Date "2022.07.23"]
[Round "1"]
[White "Kern, Alexander"]
[Black "Beck, Felix"]
[Result "1/2-1/2"]
[Termination "normal"]
[Board "6.4"]
[WhiteElo "1418"]
[BlackElo "1501"]
[WhiteClock "00:02:12"]
[BlackClock "00:00:41"]
[WhiteTeam "SK Frankenthal"]
[BlackTeam "Schachfreunde Nordost Berlin"]
[PlyCount "80"]
[WhiteFideId "16251334"]
[BlackFideId "16255364"]
[EventCountry "GER"]
[EventRounds "7"]
[EventType "team-swiss"]
[EventDate "2022.07.22"]

1. e4 {[%clk 01:30:54]} {[%emt 00:00:05]} c6 {[%clk 01:30:45]} {[%emt
00:00:15]} 2. Nc3 {[%clk 01:31:13]} {[%emt 00:00:11]} d5 {[%clk 01:30:32]}
{[%emt 00:00:44]} 3. Nf3 {[%clk 01:31:32]} {[%emt 00:00:10]} Nf6 {[%clk
01:29:43]} {[%emt 00:01:20]} 4. exd5 {[%clk 01:30:24]} {[%emt 00:01:37]} cxd5
{[%clk 01:25:38]} {[%emt 00:04:36]} 5. d4 {[%clk 01:28:00]} {[%emt 00:02:53]}
Bf5 {[%clk 01:22:04]} {[%emt 00:04:04]} 6. Bd3 {[%clk 01:23:35]} {[%emt
00:04:54]} Bxd3 {[%clk 01:21:36]} {[%emt 00:01:00]} 7. Qxd3 {[%clk 01:23:54]}
{[%emt 00:00:11]} Nc6 {[%clk 01:16:18]} {[%emt 00:05:48]} 8. O-O {[%clk
01:23:32]} {[%emt 00:00:52]} e6 {[%clk 01:16:10]} {[%emt 00:00:38]} 9. Re1
{[%clk 01:20:49]} {[%emt 00:03:12]} Be7 {[%clk 01:16:19]} {[%emt 00:00:22]} 10.
Bf4 {[%clk 01:18:05]} {[%emt 00:03:12]} O-O {[%clk 01:14:43]} {[%emt 00:02:07]}
11. h3 {[%clk 01:15:04]} {[%emt 00:03:32]} Rc8 {[%clk 01:10:47]} {[%emt
00:04:26]} 12. a3 {[%clk 01:11:54]} {[%emt 00:03:40]} a6 {[%clk 01:10:22]}
{[%emt 00:00:54]} 13. Ne2 {[%clk 01:10:16]} {[%emt 00:02:08]} b5 {[%clk
01:09:28]} {[%emt 00:01:24]} 14. c3 {[%clk 01:10:08]} {[%emt 00:00:38]} Na5
{[%clk 01:03:41]} {[%emt 00:06:17]} 15. Nd2 {[%clk 01:07:08]} {[%emt 00:03:30]}
Nc4 {[%clk 01:03:05]} {[%emt 00:01:06]} 16. Nxc4 {[%clk 01:04:42]} {[%emt
00:02:57]} bxc4 {[%clk 01:03:25]} {[%emt 00:00:10]} 17. Qc2 {[%clk 01:04:31]}
{[%emt 00:00:40]} Qb6 {[%clk 00:59:50]} {[%emt 00:04:06]} 18. Ng3 {[%clk
01:02:11]} {[%emt 00:02:49]} Rfd8 {[%clk 00:50:19]} {[%emt 00:10:01]} 19. Be5
{[%clk 00:47:20]} {[%emt 00:15:21]} Rd7 {[%clk 00:42:33]} {[%emt 00:08:17]} 20.
Qe2 {[%clk 00:37:43]} {[%emt 00:10:06]} Rb7 {[%clk 00:32:55]} {[%emt 00:10:08]}
21. Rab1 {[%clk 00:36:21]} {[%emt 00:01:53]} Rc6 {[%clk 00:21:43]} {[%emt
00:11:42]} 22. Bxf6 {[%clk 00:30:59]} {[%emt 00:05:52]} Bxf6 {[%clk 00:21:35]}
{[%emt 00:00:37]} 23. Nh5 {[%clk 00:23:21]} {[%emt 00:08:08]} Be7 {[%clk
00:19:06]} {[%emt 00:02:59]} 24. Qe5 {[%clk 00:21:52]} {[%emt 00:01:59]} f6
{[%clk 00:18:34]} {[%emt 00:01:03]} 25. Qg3 {[%clk 00:20:55]} {[%emt 00:01:26]}
g6 {[%clk 00:17:34]} {[%emt 00:01:31]} 26. Nf4 {[%clk 00:17:56]} {[%emt
00:03:29]} Kf7 {[%clk 00:16:48]} {[%emt 00:01:16]} 27. Qh4 {[%clk 00:15:31]}
{[%emt 00:02:54]} Kg7 {[%clk 00:16:17]} {[%emt 00:01:02]} 28. Qg4 {[%clk
00:14:53]} {[%emt 00:01:08]} Kf7 {[%clk 00:14:47]} {[%emt 00:02:00]} 29. h4
{[%clk 00:11:39]} {[%emt 00:03:43]} f5 {[%clk 00:14:04]} {[%emt 00:01:13]} 30.
Qh3 {[%clk 00:10:00]} {[%emt 00:02:09]} Qc7 {[%clk 00:12:25]} {[%emt 00:02:10]}
31. Qe3 {[%clk 00:08:52]} {[%emt 00:01:37]} Qd7 {[%clk 00:08:44]} {[%emt
00:04:11]} 32. g3 {[%clk 00:05:07]} {[%emt 00:04:15]} Rcb6 {[%clk 00:08:17]}
{[%emt 00:00:58]} 33. Rbd1 {[%clk 00:01:30]} {[%emt 00:04:06]} Rb8 {[%clk
00:04:02]} {[%emt 00:04:46]} 34. Rd2 {[%clk 00:01:28]} {[%emt 00:00:32]} Re8
{[%clk 00:02:52]} {[%emt 00:01:40]} 35. Rde2 {[%clk 00:01:30]} {[%emt
00:00:28]} Bf6 {[%clk 00:03:11]} {[%emt 00:00:10]} 36. Qd2 {[%clk 00:01:30]}
{[%emt 00:00:31]} h6 {[%clk 00:01:15]} {[%emt 00:02:26]} 37. h5 {[%clk
00:01:33]} {[%emt 00:00:26]} g5 {[%clk 00:01:06]} {[%emt 00:00:39]} 38. Ng6
{[%clk 00:01:51]} {[%emt 00:00:12]} Rc6 {[%clk 00:00:39]} {[%emt 00:00:58]} 39.
Ne5+ {[%clk 00:01:55]} {[%emt 00:00:25]} Bxe5 {[%clk 00:01:04]} {[%emt
00:00:06]} 40. Rxe5 {[%clk 00:02:12]} {[%emt 00:00:12]} Rb6 {[%clk 00:00:41]}
{[%emt 00:00:54]} 1/2-1/2

[Event "DVM U16 2021"]
[Site "Kiel GER"]
[Date "2022.07.23"]
[Round "1"]
[White "Danninger, Jannik"]
[Black "Rose, Daniel"]
[Result "1-0"]
[Termination "normal"]
[Board "7.1"]
[WhiteElo "1840"]
[BlackElo "1973"]
[WhiteClock "00:23:09"]
[BlackClock "00:31:42"]
[WhiteTeam "TV Tegernsee"]
[BlackTeam "SV Königsjäger Süd-West e.V."]
[PlyCount "99"]
[WhiteFideId "16226402"]
[BlackFideId "16242963"]
[EventCountry "GER"]
[EventRounds "7"]
[EventType "team-swiss"]
[EventDate "2022.07.22"]

1. e4 {[%clk 01:30:56]} {[%emt 00:00:03]} e6 {[%clk 01:30:46]} {[%emt
00:00:15]} 2. d4 {[%clk 01:31:21]} {[%emt 00:00:05]} d5 {[%clk 01:31:04]}
{[%emt 00:00:11]} 3. Nd2 {[%clk 01:31:44]} {[%emt 00:00:07]} dxe4 {[%clk
01:31:03]} {[%emt 00:00:31]} 4. Nxe4 {[%clk 01:32:02]} {[%emt 00:00:13]} Nf6
{[%clk 01:31:14]} {[%emt 00:00:19]} 5. Nxf6+ {[%clk 01:29:44]} {[%emt
00:02:48]} gxf6 {[%clk 01:31:38]} {[%emt 00:00:06]} 6. Nf3 {[%clk 01:29:56]}
{[%emt 00:00:18]} Nc6 {[%clk 01:31:10]} {[%emt 00:00:58]} 7. Bb5 {[%clk
01:27:04]} {[%emt 00:03:22]} Bd7 {[%clk 01:30:33]} {[%emt 00:01:06]} 8. O-O
{[%clk 01:26:45]} {[%emt 00:00:50]} Qe7 {[%clk 01:28:06]} {[%emt 00:02:56]} 9.
c4 {[%clk 01:16:02]} {[%emt 00:11:14]} O-O-O {[%clk 01:28:15]} {[%emt
00:00:21]} 10. Qa4 {[%clk 01:07:34]} {[%emt 00:08:58]} a6 {[%clk 01:22:15]}
{[%emt 00:06:30]} 11. Bxa6 {[%clk 01:05:41]} {[%emt 00:02:23]} Nxd4 {[%clk
01:21:00]} {[%emt 00:01:44]} 12. Bb5 {[%clk 01:03:34]} {[%emt 00:02:38]} Nxf3+
{[%clk 01:14:52]} {[%emt 00:06:38]} 13. gxf3 {[%clk 01:03:52]} {[%emt
00:00:12]} c6 {[%clk 01:12:46]} {[%emt 00:02:36]} 14. Qa8+ {[%clk 01:01:44]}
{[%emt 00:02:37]} Kc7 {[%clk 01:13:11]} {[%emt 00:00:05]} 15. Qa5+ {[%clk
01:01:07]} {[%emt 00:01:07]} Kc8 {[%clk 01:12:26]} {[%emt 00:01:15]} 16. Bd2
{[%clk 00:42:36]} {[%emt 00:19:02]} Rg8+ {[%clk 00:31:56]} {[%emt 00:40:59]}
17. Kh1 {[%clk 00:42:48]} {[%emt 00:00:19]} Qd6 {[%clk 00:31:31]} {[%emt
00:00:54]} 18. Ba4 {[%clk 00:41:06]} {[%emt 00:02:11]} Qc7 {[%clk 00:22:50]}
{[%emt 00:09:12]} 19. Qa8+ {[%clk 00:28:09]} {[%emt 00:13:28]} Qb8 {[%clk
00:23:18]} {[%emt 00:00:01]} 20. Qxb8+ {[%clk 00:28:24]} {[%emt 00:00:15]} Kxb8
{[%clk 00:23:47]} {[%emt 00:00:01]} 21. Ba5 {[%clk 00:28:27]} {[%emt 00:00:27]}
Re8 {[%clk 00:23:55]} {[%emt 00:00:22]} 22. Rad1 {[%clk 00:27:42]} {[%emt
00:01:16]} Bc8 {[%emt 00:03:51]} 23. Rd8 {[%clk 00:24:03]} {[%emt 00:00:29]}
Bc5 {[%clk 00:24:22]} {[%emt 00:00:20]} 24. Rxe8 {[%clk 00:22:08]} {[%emt
00:02:26]} Rxe8 {[%clk 00:24:50]} {[%emt 00:00:02]} 25. Rg1 {[%clk 00:19:49]}
{[%emt 00:02:49]} Bxf2 {[%clk 00:22:33]} {[%emt 00:02:47]} 26. Rg7 {[%clk
00:20:00]} {[%emt 00:00:19]} Re7 {[%clk 00:22:55]} {[%emt 00:00:07]} 27. Bd8
{[%clk 00:18:47]} {[%emt 00:01:44]} Rd7 {[%clk 00:22:53]} {[%emt 00:00:28]} 28.
Bxf6 {[%clk 00:19:14]} {[%emt 00:00:07]} h6 {[%clk 00:22:47]} {[%emt 00:00:37]}
29. Be5+ {[%clk 00:17:55]} {[%emt 00:01:48]} Ka7 {[%clk 00:22:43]} {[%emt
00:00:34]} 30. Rg8 {[%clk 00:18:12]} {[%emt 00:00:13]} b5 {[%clk 00:22:49]}
{[%emt 00:00:23]} 31. Rxc8 {[%clk 00:14:41]} {[%emt 00:04:02]} bxa4 {[%clk
00:23:11]} {[%emt 00:00:08]} 32. Rxc6 {[%clk 00:14:32]} {[%emt 00:00:39]} Rd1+
{[%clk 00:21:10]} {[%emt 00:02:31]} 33. Kg2 {[%clk 00:13:49]} {[%emt 00:01:13]}
Rd2 {[%clk 00:20:29]} {[%emt 00:01:11]} 34. Kh3 {[%clk 00:11:20]} {[%emt
00:02:59]} a3 {[%clk 00:10:20]} {[%emt 00:10:39]} 35. bxa3 {[%clk 00:10:42]}
{[%emt 00:01:08]} Rxa2 {[%clk 00:10:30]} {[%emt 00:00:19]} 36. Bd6 {[%clk
00:09:28]} {[%emt 00:01:45]} Bb6 {[%clk 00:10:37]} {[%emt 00:00:23]} 37. Bb4
{[%clk 00:04:46]} {[%emt 00:05:12]} Rf2 {[%clk 00:07:02]} {[%emt 00:04:05]} 38.
Kg3 {[%emt 00:02:28]} Rc2 {[%clk 00:05:50]} 39. c5 {[%clk 00:03:47]} {[%emt
00:01:13]} Bd8 {[%clk 00:04:24]} {[%emt 00:01:55]} 40. Rc8 {[%clk 00:03:58]}
{[%emt 00:00:19]} Bf6 {[%clk 00:03:55]} {[%emt 00:00:59]} 41. Rc7+ {[%clk
00:03:05]} {[%emt 00:01:24]} Kb8 {[%clk 00:04:14]} {[%emt 00:00:11]} 42. Rxf7
{[%clk 00:03:17]} {[%emt 00:00:18]} Bd4 {[%clk 00:04:30]} {[%emt 00:00:14]} 43.
Re7 {[%clk 00:01:58]} {[%emt 00:01:49]} e5 {[%clk 00:03:32]} {[%emt 00:01:28]}
44. Re6 {[%clk 00:29:09]} {[%emt 00:03:19]} h5 {[%clk 00:33:56]} {[%emt
00:00:06]} 45. c6 {[%clk 00:28:05]} {[%emt 00:01:34]} Bf2+ {[%clk 00:31:31]}
{[%emt 00:02:55]} 46. Kh3 {[%clk 00:27:30]} {[%emt 00:01:05]} Bc5 {[%clk
00:30:45]} {[%emt 00:01:16]} 47. Ba5 {[%clk 00:22:45]} {[%emt 00:05:15]} Bxa3
{[%clk 00:30:59]} {[%emt 00:00:16]} 48. Re8+ {[%clk 00:22:49]} {[%emt
00:00:27]} Ka7 {[%clk 00:31:20]} {[%emt 00:00:07]} 49. c7 {[%clk 00:23:11]}
{[%emt 00:00:08]} Kb7 {[%clk 00:31:42]} {[%emt 00:00:08]} 50. Rb8+ {[%clk
00:23:09]} {[%emt 00:00:32]} 1-0

[Event "DVM U16 2021"]
[Site "Kiel GER"]
[Date "2022.07.23"]
[Round "1"]
[White "Abed, Karim"]
[Black "Andrade, Ruben"]
[Result "1-0"]
[Termination "normal"]
[Board "7.2"]
[WhiteElo "1843"]
[BlackElo "1614"]
[WhiteClock "00:09:11"]
[BlackClock "00:01:10"]
[WhiteTeam "SV Königsjäger Süd-West e.V."]
[BlackTeam "TV Tegernsee"]
[PlyCount "85"]
[WhiteFideId "16242785"]
[BlackFideId "16246829"]
[EventCountry "GER"]
[EventRounds "7"]
[EventType "team-swiss"]
[EventDate "2022.07.22"]

1. Nf3 {[%clk 01:30:44]} {[%emt 00:00:15]} d5 {[%clk 01:30:23]} {[%emt
00:00:37]} 2. g3 {[%clk 01:31:11]} {[%emt 00:00:04]} Nf6 {[%clk 01:30:48]}
{[%emt 00:00:05]} 3. Bg2 {[%clk 01:31:38]} {[%emt 00:00:02]} e6 {[%clk
01:30:35]} {[%emt 00:00:43]} 4. O-O {[%clk 01:32:05]} {[%emt 00:00:03]} Be7
{[%clk 01:30:39]} {[%emt 00:00:27]} 5. d4 {[%clk 01:32:11]} {[%emt 00:00:24]}
O-O {[%clk 01:30:29]} {[%emt 00:00:39]} 6. c4 {[%clk 01:32:39]} {[%emt
00:00:04]} c6 {[%clk 01:26:49]} {[%emt 00:04:09]} 7. Nbd2 {[%clk 01:31:52]}
{[%emt 00:01:17]} Nbd7 {[%clk 01:25:40]} {[%emt 00:01:38]} 8. Qc2 {[%clk
01:32:18]} {[%emt 00:00:05]} b6 {[%clk 01:23:12]} {[%emt 00:02:57]} 9. e4
{[%clk 01:32:23]} {[%emt 00:00:26]} dxe4 {[%clk 01:12:32]} {[%emt 00:11:10]}
10. Nxe4 {[%clk 01:32:52]} {[%emt 00:00:01]} Bb7 {[%clk 01:11:37]} {[%emt
00:01:24]} 11. Rd1 {[%clk 01:25:21]} {[%emt 00:08:01]} Nxe4 {[%clk 01:06:10]}
{[%emt 00:05:57]} 12. Qxe4 {[%clk 01:25:49]} {[%emt 00:00:02]} Nf6 {[%clk
01:06:05]} {[%emt 00:00:35]} 13. Qe2 {[%clk 01:26:18]} {[%emt 00:00:01]} Qc7
{[%clk 01:03:04]} {[%emt 00:03:31]} 14. Bf4 {[%clk 01:25:50]} {[%emt 00:00:58]}
Bd6 {[%clk 01:03:09]} {[%emt 00:00:25]} 15. Ne5 {[%clk 01:25:09]} {[%emt
00:01:11]} Nd7 {[%clk 00:42:25]} {[%emt 00:21:14]} 16. c5 {[%clk 01:06:58]}
{[%emt 00:18:42]} Bxe5 {[%clk 00:42:20]} {[%emt 00:00:35]} 17. Bxe5 {[%clk
01:07:26]} {[%emt 00:00:02]} Nxe5 {[%clk 00:42:36]} {[%emt 00:00:13]} 18. Qxe5
{[%clk 01:07:54]} {[%emt 00:00:02]} Qe7 {[%clk 00:33:51]} {[%emt 00:09:15]} 19.
Rac1 {[%clk 01:05:08]} {[%emt 00:03:17]} Rac8 {[%emt 00:13:59]} 20. Rc3 {[%clk
00:50:11]} {[%emt 00:05:16]} b5 {[%clk 00:24:16]} 21. b4 {[%clk 00:50:11]} Rfd8
{[%clk 00:24:16]} {[%emt 00:07:46]} 22. f4 {[%clk 00:48:17]} Qc7 {[%clk
00:21:49]} {[%emt 00:05:21]} 23. Rcd3 {[%clk 00:47:18]} Rd7 {[%clk 00:18:23]}
{[%emt 00:05:25]} 24. h4 {[%clk 00:42:57]} Rcd8 {[%clk 00:16:49]} {[%emt
00:06:54]} 25. Qe2 {[%clk 00:42:05]} a5 {[%clk 00:15:29]} {[%emt 00:03:13]} 26.
a3 {[%clk 00:41:26]} axb4 {[%clk 00:13:33]} {[%emt 00:03:35]} 27. axb4 {[%emt
00:00:39]} Ra8 {[%clk 00:13:25]} 28. h5 {[%clk 00:32:50]} h6 {[%clk 00:10:22]}
{[%emt 00:13:07]} 29. Be4 {[%clk 00:27:39]} Rdd8 {[%clk 00:08:11]} {[%emt
00:08:22]} 30. Rb3 {[%clk 00:26:19]} Ra4 {[%clk 00:07:45]} {[%emt 00:02:47]}
31. Bc2 {[%emt 00:03:36]} Rda8 32. Qe4 {[%clk 00:24:40]} {[%emt 00:01:08]} Ra2
{[%clk 00:02:57]} {[%emt 00:03:43]} 33. Rd2 {[%clk 00:23:20]} {[%emt 00:01:50]}
Qd7 {[%clk 00:00:35]} {[%emt 00:02:52]} 34. Re3 {[%clk 00:15:51]} {[%emt
00:07:58]} f5 {[%clk 00:00:33]} {[%emt 00:00:33]} 35. Qxe6+ {[%clk 00:15:36]}
Qxe6 {[%clk 00:01:02]} {[%emt 00:00:46]} 36. Rxe6 {[%emt 00:00:03]} Rb2 {[%clk
00:00:48]} {[%emt 00:00:42]} 37. Re7 {[%emt 00:01:17]} Ra1+ {[%clk 00:01:15]}
{[%emt 00:00:02]} 38. Kf2 {[%emt 00:03:32]} Ba8 {[%clk 00:00:35]} 39. Re3
{[%clk 00:10:41]} {[%emt 00:03:15]} Rxb4 {[%clk 00:00:33]} {[%emt 00:00:33]}
40. Bxf5 {[%clk 00:10:06]} {[%emt 00:01:05]} Ra7 {[%clk 00:00:35]} {[%emt
00:00:28]} 41. Re8+ {[%clk 00:09:23]} {[%emt 00:01:13]} Kf7 {[%clk 00:00:52]}
{[%emt 00:00:13]} 42. Bg6+ {[%clk 00:09:53]} Kf6 {[%clk 00:01:10]} {[%emt
00:00:12]} 43. Rde2 {[%clk 00:09:11]} {[%emt 00:01:12]} 1-0

[Event "DVM U16 2021"]
[Site "Kiel GER"]
[Date "2022.07.23"]
[Round "1"]
[White "Franzky, Julian"]
[Black "Boissel, Kasimir"]
[Result "1/2-1/2"]
[Termination "normal"]
[Board "7.3"]
[WhiteElo "1382"]
[BlackElo "1781"]
[WhiteClock "00:24:18"]
[BlackClock "00:02:34"]
[WhiteTeam "TV Tegernsee"]
[BlackTeam "SV Königsjäger Süd-West e.V."]
[PlyCount "76"]
[WhiteFideId "16291603"]
[BlackFideId "16298209"]
[EventCountry "GER"]
[EventRounds "7"]
[EventType "team-swiss"]
[EventDate "2022.07.22"]

1. e4 {[%clk 01:30:59]} e6 {[%clk 01:30:58]} {[%emt 00:00:02]} 2. d4 {[%clk
01:31:25]} {[%emt 00:00:05]} d5 {[%clk 01:31:26]} {[%emt 00:00:02]} 3. exd5
{[%clk 01:31:51]} {[%emt 00:00:03]} exd5 {[%clk 01:31:48]} {[%emt 00:00:08]} 4.
Bd3 {[%clk 01:32:04]} {[%emt 00:00:17]} Nf6 {[%clk 01:32:08]} {[%emt 00:00:09]}
5. Bf4 {[%clk 01:31:58]} {[%emt 00:00:37]} Bd6 {[%clk 01:31:40]} {[%emt
00:00:58]} 6. Bxd6 {[%clk 01:31:41]} {[%emt 00:00:47]} Qxd6 {[%clk 01:32:02]}
{[%emt 00:00:08]} 7. c3 {[%clk 01:30:46]} {[%emt 00:01:26]} O-O {[%clk
01:32:09]} {[%emt 00:00:22]} 8. Nf3 {[%clk 01:28:36]} {[%emt 00:02:40]} Bg4
{[%clk 01:31:00]} {[%emt 00:01:39]} 9. O-O {[%clk 01:28:09]} {[%emt 00:00:57]}
Nbd7 {[%clk 01:29:41]} {[%emt 00:01:50]} 10. Nbd2 {[%clk 01:27:35]} {[%emt
00:01:04]} Rfe8 {[%clk 01:28:51]} {[%emt 00:01:19]} 11. Qc2 {[%clk 01:25:20]}
{[%emt 00:02:45]} Re7 {[%clk 01:24:56]} {[%emt 00:04:23]} 12. Rfe1 {[%clk
01:19:30]} {[%emt 00:06:22]} Rae8 {[%clk 01:25:10]} {[%emt 00:00:16]} 13. Kf1
{[%clk 01:18:33]} {[%emt 00:01:27]} c6 {[%clk 01:19:54]} {[%emt 00:05:43]} 14.
h3 {[%clk 01:15:14]} {[%emt 00:03:52]} Bh5 {[%clk 01:19:53]} {[%emt 00:00:30]}
15. Re2 {[%clk 01:13:08]} {[%emt 00:02:36]} Bg6 {[%emt 00:06:54]} 16. Rae1
{[%clk 01:12:21]} Rxe2 {[%clk 01:12:30]} {[%emt 00:02:46]} 17. Rxe2 {[%clk
01:12:18]} {[%emt 00:00:34]} Rxe2 {[%clk 01:12:53]} 18. Kxe2 {[%clk 01:12:36]}
{[%emt 00:00:19]} Qe7+ {[%clk 01:13:07]} {[%emt 00:00:16]} 19. Kf1 {[%clk
01:12:30]} {[%emt 00:00:37]} Ne4 {[%clk 01:12:31]} {[%emt 00:01:05]} 20. Ng1
{[%clk 01:02:21]} {[%emt 00:10:39]} Nb6 {[%clk 00:50:30]} {[%emt 00:22:30]} 21.
f3 {[%clk 00:59:17]} {[%emt 00:03:35]} Nxd2+ {[%clk 00:50:17]} {[%emt
00:00:43]} 22. Qxd2 {[%clk 00:59:37]} {[%emt 00:00:09]} Bxd3+ {[%clk 00:50:09]}
{[%emt 00:00:39]} 23. Qxd3 {[%clk 00:59:53]} {[%emt 00:00:14]} Nc4 {[%clk
00:50:28]} {[%emt 00:00:10]} 24. b3 {[%clk 00:59:21]} {[%emt 00:01:03]} Nd6
{[%clk 00:42:21]} {[%emt 00:08:37]} 25. Qe2 {[%clk 00:55:09]} {[%emt 00:04:42]}
Kf8 {[%clk 00:42:16]} {[%emt 00:00:35]} 26. Qxe7+ {[%clk 00:51:29]} {[%emt
00:04:10]} Kxe7 {[%clk 00:42:45]} {[%emt 00:00:02]} 27. g4 {[%clk 00:51:04]}
{[%emt 00:00:55]} Kf6 {[%clk 00:39:09]} {[%emt 00:04:06]} 28. Ne2 {[%clk
00:50:05]} {[%emt 00:01:27]} g6 {[%clk 00:38:17]} {[%emt 00:01:23]} 29. Kf2
{[%clk 00:50:06]} {[%emt 00:00:29]} a5 {[%clk 00:37:26]} {[%emt 00:01:19]} 30.
h4 {[%clk 00:46:10]} {[%emt 00:04:28]} h6 {[%clk 00:29:22]} {[%emt 00:08:33]}
31. Ke3 {[%clk 00:41:43]} {[%emt 00:04:57]} Ke6 {[%clk 00:22:47]} {[%emt
00:07:06]} 32. Ng3 {[%clk 00:39:31]} {[%emt 00:02:41]} f5 {[%clk 00:19:16]}
{[%emt 00:04:02]} 33. h5 {[%clk 00:34:25]} {[%emt 00:05:36]} g5 {[%clk
00:15:02]} {[%emt 00:04:44]} 34. Kd3 {[%clk 00:30:58]} {[%emt 00:03:57]} b6
{[%clk 00:11:02]} {[%emt 00:04:30]} 35. c4 {[%clk 00:26:47]} {[%emt 00:04:40]}
f4 {[%clk 00:06:27]} {[%emt 00:05:05]} 36. Ne2 {[%clk 00:26:45]} {[%emt
00:00:32]} b5 {[%clk 00:02:47]} {[%emt 00:04:11]} 37. c5 {[%clk 00:25:57]}
{[%emt 00:01:18]} Nf7 {[%clk 00:02:40]} {[%emt 00:00:36]} 38. a4 {[%clk
00:24:18]} {[%emt 00:02:09]} b4 {[%clk 00:02:34]} {[%emt 00:00:36]} 1/2-1/2